Four-Digit Prime Numbers by Tens (Part 1: 1000-2000) - Statistics

General Stats
  • This quiz has been taken 67 times
  • The average score is 83 of 100
Answer Stats
Hint Answer % Correct
1021, 1023, 1027, 1029 11
91%
1081, 1083, 1087, 1089 17
91%
1041, 1043, 1047, 1049 19
91%
1151, 1153, 1157, 1159 21, 3
91%
1071, 1073, 1077, 1079 0none
88%
1131, 1133, 1137, 1139 0none
88%
1141, 1143, 1147, 1149 0none
88%
1341, 1343, 1347, 1349 0none
88%
1351, 1353, 1357, 1359 0none
88%
1051, 1053, 1057, 1059 11
88%
1171, 1173, 1177, 1179 11
88%
1381, 1383, 1387, 1389 11
88%
1191, 1193, 1197, 1199 13
88%
1111, 1113, 1117, 1119 17
88%
1001, 1003, 1007, 1009 19
88%
1241, 1243, 1247, 1249 19
88%
1251, 1253, 1257, 1259 19
88%
1311, 1313, 1317, 1319 19
88%
1091, 1093, 1097, 1099 31, 3, 7
88%
1031, 1033, 1037, 1039 31, 3, 9
88%
1061, 1063, 1067, 1069 31, 3, 9
88%
1261, 1263, 1267, 1269 0none
86%
1331, 1333, 1337, 1339 0none
86%
1201, 1203, 1207, 1209 11
86%
1511, 1513, 1517, 1519 11
86%
1371, 1373, 1377, 1379 13
86%
1401, 1403, 1407, 1409 19
86%
1231, 1233, 1237, 1239 21, 7
86%
1321, 1323, 1327, 1329 21, 7
86%
1361, 1363, 1367, 1369 21, 7
86%
1211, 1213, 1217, 1219 23, 7
86%
1101, 1103, 1107, 1109 23, 9
86%
1221, 1223, 1227, 1229 23, 9
86%
1271, 1273, 1277, 1279 27, 9
86%
1301, 1303, 1307, 1309 31, 3, 7
86%
1671, 1673, 1677, 1679 0none
84%
1711, 1713, 1717, 1719 0none
84%
1791, 1793, 1797, 1799 0none
84%
1471, 1473, 1477, 1479 11
84%
1161, 1163, 1167, 1169 13
84%
1561, 1563, 1567, 1569 17
84%
1591, 1593, 1597, 1599 17
84%
1631, 1633, 1637, 1639 17
84%
1391, 1393, 1397, 1399 19
84%
1701, 1703, 1707, 1709 19
84%
1181, 1183, 1187, 1189 21, 7
84%
1011, 1013, 1017, 1019 23, 9
84%
1121, 1123, 1127, 1129 23, 9
84%
1281, 1283, 1287, 1289 23, 9
84%
1551, 1553, 1557, 1559 23, 9
84%
1411, 1413, 1417, 1419 0none
81%
1461, 1463, 1467, 1469 0none
81%
1501, 1503, 1507, 1509 0none
81%
1641, 1643, 1647, 1649 0none
81%
1761, 1763, 1767, 1769 0none
81%
1531, 1533, 1537, 1539 11
81%
1521, 1523, 1527, 1529 13
81%
1441, 1443, 1447, 1449 17
81%
1651, 1653, 1657, 1659 17
81%
1771, 1773, 1777, 1779 17
81%
1721, 1723, 1727, 1729 21, 3
81%
1621, 1623, 1627, 1629 21, 7
81%
1571, 1573, 1577, 1579 21, 9
81%
1431, 1433, 1437, 1439 23, 9
81%
1541, 1543, 1547, 1549 23, 9
81%
1611, 1613, 1617, 1619 23, 9
81%
1601, 1603, 1607, 1609 31, 7, 9
81%
1421, 1423, 1427, 1429 33, 7, 9
81%
1661, 1663, 1667, 1669 33, 7, 9
81%
1691, 1693, 1697, 1699 33, 7, 9
81%
1781, 1783, 1787, 1789 33, 7, 9
81%
1681, 1683, 1687, 1689 0none
79%
1851, 1853, 1857, 1859 0none
79%
1891, 1893, 1897, 1899 0none
79%
1811, 1813, 1817, 1819 11
79%
1831, 1833, 1837, 1839 11
79%
1951, 1953, 1957, 1959 11
79%
1581, 1583, 1587, 1589 13
79%
1731, 1733, 1737, 1739 13
79%
1881, 1883, 1887, 1889 19
79%
1941, 1943, 1947, 1949 19
79%
1291, 1293, 1297, 1299 21, 7
79%
1491, 1493, 1497, 1499 23, 9
79%
1751, 1753, 1757, 1759 23, 9
79%
1481, 1483, 1487, 1489 4all
79%
1921, 1923, 1927, 1929 0none
77%
1801, 1803, 1807, 1809 11
77%
1981, 1983, 1987, 1989 17
77%
1931, 1933, 1937, 1939 21, 3
77%
1741, 1743, 1747, 1749 21, 7
77%
1901, 1903, 1907, 1909 21, 7
77%
1451, 1453, 1457, 1459 31, 3, 9
77%
1991, 1993, 1997, 1999 33, 7, 9
77%
1871, 1873, 1877, 1879 4all
77%
1961, 1963, 1967, 1969 0none
74%
1821, 1823, 1827, 1829 13
74%
1841, 1843, 1847, 1849 17
74%
1861, 1863, 1867, 1869 21, 7
74%
1911, 1913, 1917, 1919 13
72%
1971, 1973, 1977, 1979 23, 9
72%
No matching quizzes found
Score Distribution
Percent of People with Each Score
Percentile by Number Answered
Your Score History
You have not taken this quiz